Normal view
MARC view
Entry Topical Term
001 - CONTROL NUMBER
- control field: 60073
003 - CONTROL NUMBER IDENTIFIER
- control field: OSt
005 - DATE AND TIME OF LATEST TRANSACTION
- control field: 20260413120646.0
008 - FIXED-LENGTH DATA ELEMENTS
- fixed length control field: 260413|| aca||aabn | a|a d
040 ## - CATALOGING SOURCE
- Original cataloging agency: OSt
- Transcribing agency: OSt
150 ## - HEADING--TOPICAL TERM
- Topical term or geographic name entry element: Disinvestment, Utility sector, Stock price, Event study, India
670 ## - SOURCE DATA FOUND
- Source citation: Work cat.: (OSt): Tripathi, Shrabana and Singh, Bhanu Pratap 60072, Does disinvestment affect stock prices? An event study approach on the Indian public sector stocks
